My Hero Academia 13 (Titelsatznr. 1286)

[ MARC ]
MARC-Details
000 -LEADER
fixed length control field 02175cam a2200493 cb4500
001 - CONTROL NUMBER
control field 1006467009
003 - CONTROL NUMBER IDENTIFIER
control field DE-627
005 - DATE AND TIME OF LATEST TRANSACTION
control field 20250527124845.0
007 - PHYSICAL DESCRIPTION FIXED FIELD--GENERAL INFORMATION
fixed length control field tu
008 - FIXED-LENGTH DATA ELEMENTS--GENERAL INFORMATION
fixed length control field 171201s2018 gw ||||| 6 00| ||ger c
015 ## - NATIONAL BIBLIOGRAPHY NUMBER
National bibliography number 17,N48
Source dnb
016 7# - NATIONAL BIBLIOGRAPHIC AGENCY CONTROL NUMBER
Record control number 1145168213
Source DE-101
020 ## - INTERNATIONAL STANDARD BOOK NUMBER
International Standard Book Number 3551797137
Terms of availability : EUR 6.99 (DE), EUR 7.20 (AT), CHF 10.50 (freier Preis)
020 ## - INTERNATIONAL STANDARD BOOK NUMBER
International Standard Book Number 9783551797131
Terms of availability : EUR 6.99 (DE), EUR 7.20 (AT), CHF 10.50 (freier Preis)
024 3# - OTHER STANDARD IDENTIFIER
Standard number or code 9783551797131
035 ## - SYSTEM CONTROL NUMBER
System control number (DE-627)1006467009
035 ## - SYSTEM CONTROL NUMBER
System control number (DE-599)DNB1145168213
035 ## - SYSTEM CONTROL NUMBER
System control number (OCoLC)1245493991
040 ## - CATALOGING SOURCE
Original cataloging agency DE-627
Language of cataloging ger
Transcribing agency DE-627
Description conventions rda
041 ## - LANGUAGE CODE
Language code of text/sound track or separate title ger
044 ## - COUNTRY OF PUBLISHING/PRODUCING ENTITY CODE
ISO country code XA-DE-HH
082 04 - DEWEY DECIMAL CLASSIFICATION NUMBER
Classification number 741.5
Assigning agency DE-101
100 1# - MAIN ENTRY--PERSONAL NAME
Personal name Horikoshi, Kōhei
Dates associated with a name 1986-
Relator term VerfasserIn
-- KünstlerIn
Authority record control number or standard number (DE-588)113068962X
-- (DE-627)884892603
-- (DE-576)486926397
Relationship aut
-- art
245 10 - TITLE STATEMENT
Title My Hero Academia 13
Statement of responsibility, etc. Kohei Horikoshi ; aus dem Japanischen von Antje Bockel
250 ## - EDITION STATEMENT
Edition statement Deutsche Ausgabe, 1. Aufl. 18
264 #1 - PRODUCTION, PUBLICATION, DISTRIBUTION, MANUFACTURE, AND COPYRIGHT NOTICE
Place of production, publication, distribution, manufacture Hamburg
Name of producer, publisher, distributor, manufacturer Carlsen Verlag GmbH
Date of production, publication, distribution, manufacture, or copyright notice [2018]
300 ## - PHYSICAL DESCRIPTION
Extent 168 Seiten
Dimensions 17.5 cm x 11.5 cm
336 ## - CONTENT TYPE
Content type term Text
Content type code txt
Source rdacontent
336 ## - CONTENT TYPE
Content type term unbewegtes Bild
Content type code sti
Source rdacontent
337 ## - MEDIA TYPE
Media type term ohne Hilfsmittel zu benutzen
Media type code n
Source rdamedia
338 ## - CARRIER TYPE
Carrier type term Band
Carrier type code nc
Source rdacarrier
490 1# - SERIES STATEMENT
Series statement My Hero Academia / Kohei Horikoshi ; aus dem Japanischen von Antje Bockel
Volume/sequential designation vol. 13
490 0# - SERIES STATEMENT
Series statement Carlsen Manga!
490 0# - SERIES STATEMENT
Series statement Action
655 #7 - INDEX TERM--GENRE/FORM
Genre/form data or focus term Comic
Authority record control number or standard number (DE-588)4010427-8
-- (DE-627)104377402
-- (DE-576)208887989
Source of term gnd-content
951 ## - EQUIVALENCE OR CROSS-REFERENCE--GEOGRAPHIC NAME/AREA NAME [OBSOLETE] [CAN/MARC only]
Geographic name MV
700 1# - ADDED ENTRY--PERSONAL NAME
Personal name Bockel, Antje
Relator term ÜbersetzerIn
Authority record control number or standard number (DE-588)1025682602
-- (DE-627)724452826
-- (DE-576)370626141
Relationship trl
710 2# - ADDED ENTRY--CORPORATE NAME
Corporate name or jurisdiction name as entry element Carlsen Verlag
Relator term Verlag
Authority record control number or standard number (DE-588)2036434-9
-- (DE-627)10257796X
-- (DE-576)191872857
Relationship pbl
776 1# - ADDITIONAL PHYSICAL FORM ENTRY
International Standard Book Number 9783646709711
800 1# - SERIES ADDED ENTRY--PERSONAL NAME
Personal name Horikoshi, Kōhei
Dates associated with a name 1986-
Title of a work My hero academia.
Volume/sequential designation vol. 13
9 (RLIN) 13.2018
Bibliographic record control number (DE-627)86611145X
-- (DE-576)9866111458
Control subfield am
856 42 - ELECTRONIC LOCATION AND ACCESS
Uniform Resource Identifier <a href="http://deposit.dnb.de/cgi-bin/dokserv?id=028c82f484cd437fa2f10d127746d460&prov=M&dok_var=1&dok_ext=htm">http://deposit.dnb.de/cgi-bin/dokserv?id=028c82f484cd437fa2f10d127746d460&prov=M&dok_var=1&dok_ext=htm</a>
Contact for access assistance X: MVB
Electronic format type text/html
Hours access method available 2017-11-29
Materials specified Inhaltstext
856 42 - ELECTRONIC LOCATION AND ACCESS
Uniform Resource Identifier <a href="https://d-nb.info/1145168213/04">https://d-nb.info/1145168213/04</a>
Contact for access assistance B:DE-101
Electronic format type application/pdf
Hours access method available 2020-12-02
Materials specified Inhaltsverzeichnis
942 ## - ADDED ENTRY ELEMENTS (KOHA)
Source of classification or shelving scheme Dewey Decimal Classification
Koha item type Manga
Suppress in OPAC No
Exemplare
Withdrawn status Lost status Source of classification or shelving scheme Damaged status Not for loan Home library Current library Shelving location Date acquired Total checkouts Barcode Date last seen Price effective from Koha item type
    Dewey Decimal Classification     Bunte Manga Potsdam Bunte Manga Potsdam Action 05/27/2025   1272 05/27/2025 05/27/2025 Manga

Powered by Koha